[Event "Bristol Centenary & WECU Championship"]
[Site "The Great Hall, Bristol Gramm"]
[Date "2024.04.27"]
[Round "3.25"]
[White "Fu, Yuting"]
[Black "Marsden, Rupert"]
[Result "1-0"]
[WhiteElo "1914"]
[BlackElo "1818"]
[PlyCount "74"]
[EventDate "2024.04.26"]
[EventRounds "5"]
[EventCountry "ENG"]
[SourceTitle "ID added"]
[SourceDate "2024.08.26"]
[SourceVersion "1"]
[SourceVersionDate "2024.08.26"]
[SourceQuality "1"]

1. d4 Nf6 2. c4 g6 3. Nc3 Bg7 4. e4 d6 5. Be2 O-O 6. Nf3 e5 7. O-O Nc6 8. d5
Ne7 9. b4 Nh5 10. c5 f5 11. Ng5 Nf6 12. cxd6 cxd6 13. exf5 Bxf5 14. Be3 h6 15.
Nf3 Kh7 16. Rc1 b6 17. Qb3 Rc8 18. Rfd1 Qd7 19. Ba6 Rc7 20. Nxe5 Qd8 21. Nc4
Ng4 22. Nb5 Rd7 23. Nd4 Nxd5 24. h3 Ngxe3 25. Nxe3 Nxe3 26. Qxe3 Bxd4 27. Qxd4
Qg5 28. Rc3 d5 29. Bb5 Re7 30. Qxd5 Qf6 31. Rf3 Re5 32. Qc4 Rc8 33. Qxc8 Rxb5
34. Rd7+ Bxd7 35. Qxd7+ Qg7 36. Rf7 Qxf7 37. Qxf7+ Kh8 1-0

[Event "Bristol Centenary & WECU Championship"]
[Site "The Great Hall, Bristol Gramm"]
[Date "2024.04.27"]
[Round "3.26"]
[White "Perrin, Brent"]
[Black "Leroy, Jason"]
[Result "1-0"]
[WhiteElo "1891"]
[BlackElo "1636"]
[PlyCount "73"]
[EventDate "2024.04.26"]
[EventRounds "5"]
[EventCountry "ENG"]
[SourceTitle "ID added"]
[SourceDate "2024.08.26"]
[SourceVersion "1"]
[SourceVersionDate "2024.08.26"]
[SourceQuality "1"]

1. e4 e5 2. Nf3 Nc6 3. Bb5 a6 4. Ba4 Nf6 5. d3 b5 6. Bb3 Bc5 7. O-O O-O 8. Bg5
d6 9. h3 Rb8 10. Nc3 Be6 11. Nd5 Na5 12. Nxf6+ gxf6 13. Bh6 Re8 14. Bxe6 fxe6
15. Nxe5 Re7 16. Ng4 Rg7 17. Bxg7 Kxg7 18. Qd2 c6 19. Qh6+ Kf7 20. Qxh7+ Ke8
21. Qg6+ Kd7 22. Qf7+ Kc8 23. Qxe6+ Kb7 24. Nxf6 Ka8 25. c3 Bb6 26. Nd7 Rb7 27.
Nxb6+ Rxb6 28. f4 Rb7 29. f5 Re7 30. Qh6 Qc7 31. f6 Rh7 32. Qf8+ Ka7 33. Rf3
Nb7 34. f7 Nd8 35. Qxd8 Rxf7 36. Qxc7+ Rxc7 37. Raf1 1-0

[Event "Bristol Centenary & WECU Championship"]
[Site "The Great Hall, Bristol Gramm"]
[Date "2024.04.27"]
[Round "3.27"]
[White "Lesniowski, Paul A"]
[Black "Udaya Shanker, Rajani Prasath"]
[Result "1-0"]
[WhiteElo "1871"]
[BlackElo "1599"]
[PlyCount "89"]
[EventDate "2024.04.26"]
[EventRounds "5"]
[EventCountry "ENG"]
[SourceTitle "ID added"]
[SourceDate "2024.08.26"]
[SourceVersion "1"]
[SourceVersionDate "2024.08.26"]
[SourceQuality "1"]

1. e4 d5 2. exd5 Nf6 3. d4 Bg4 4. Nf3 Qxd5 5. Be2 Nc6 6. O-O O-O-O 7. c4 Qe4 8.
Nc3 Qg6 9. d5 Kb8 10. Be3 Bxf3 11. Bxf3 Ne5 12. Be2 e6 13. Qa4 a6 14. dxe6 fxe6
15. c5 Qe8 16. Qb3 Qc6 17. h3 Be7 18. Qa3 Nd5 19. Nxd5 exd5 20. Bd4 Nc4 21. Qc3
Bxc5 22. Bxc5 Qxc5 23. b3 Qe7 24. Rfe1 Nb6 25. Bxa6 Qd7 26. Bd3 d4 27. Qc5 Rhe8
28. Bxh7 d3 29. Rxe8 Rxe8 30. Bf5 Qd8 31. Rd1 d2 32. Qc3 Qf6 33. Qxf6 Re1+ 34.
Kh2 gxf6 35. Rxd2 Re5 36. g4 Nd5 37. Kg3 Nc3 38. Rd8+ Ka7 39. a4 Ne2+ 40. Kf3
Ng1+ 41. Kg2 Ne2 42. h4 Nf4+ 43. Kf3 Nd5 44. h5 Ne7 45. Be4 1-0

[Event "Bristol Centenary & WECU Championship"]
[Site "The Great Hall, Bristol Gramm"]
[Date "2024.04.28"]
[Round "4.1"]
[White "Murphy, Conor E"]
[Black "Boswell, Jacob Connor"]
[Result "1/2-1/2"]
[WhiteElo "2484"]
[BlackElo "2254"]
[PlyCount "110"]
[EventDate "2024.04.26"]
[EventRounds "5"]
[EventCountry "ENG"]
[SourceTitle "DT 112"]
[SourceDate "2024.08.26"]
[SourceVersion "1"]
[SourceVersionDate "2024.08.26"]
[SourceQuality "1"]

1. e4 c5 2. Nf3 d6 3. d4 cxd4 4. Nxd4 Nf6 5. Nc3 Nc6 6. f3 e5 7. Nb3 Be6 8. Nd5
Be7 9. Be3 O-O 10. c3 Nd7 11. Qd2 Bxd5 12. Qxd5 Nf6 13. Qb5 Qc8 14. O-O-O Rd8
15. g4 Ne8 16. h4 Nc7 17. Qc4 Qe6 18. Qxe6 fxe6 19. g5 Rf8 20. Be2 Rad8 21.
Rhf1 b6 22. Kb1 Kh8 23. a3 Kg8 24. f4 d5 25. fxe5 Nxe5 26. exd5 Nxd5 27. Bc1
Rxf1 28. Rxf1 Rf8 29. Nd4 Rxf1 30. Bxf1 Kf7 31. Nb5 a6 32. Na7 b5 33. Nc8 Bc5
34. Kc2 Ke8 35. b4 Kd7 36. bxc5 Kxc8 37. a4 Nc4 38. Bd3 g6 39. axb5 axb5 40. h5
gxh5 41. Bxh7 h4 42. Be4 Kd7 43. g6 Ke8 44. c6 Nd6 45. Bg2 Nf5 46. Kd3 Nfe7 47.
g7 Kf7 48. Bh3 Kxg7 49. Bxe6 Kf6 50. Bd7 Ke5 51. Bg5 Kd6 52. Bxh4 Nxc6 53. Be8
Ne5+ 54. Kc2 b4 55. cxb4 Nxb4+ 1/2-1/2

[Event "Bristol Centenary & WECU Championship"]
[Site "The Great Hall, Bristol Gramm"]
[Date "2024.04.28"]
[Round "4.2"]
[White "Arkell, Keith C"]
[Black "Verma, Aditya"]
[Result "1-0"]
[WhiteElo "2371"]
[BlackElo "2109"]
[PlyCount "61"]
[EventDate "2024.04.26"]
[EventRounds "5"]
[EventCountry "ENG"]
[SourceTitle "DT 112"]
[SourceDate "2024.08.26"]
[SourceVersion "1"]
[SourceVersionDate "2024.08.26"]
[SourceQuality "1"]

1. d4 d5 2. Nf3 Nf6 3. c4 e6 4. cxd5 exd5 5. Nc3 c6 6. Qc2 Be7 7. Bg5 Nbd7 8.
e3 O-O 9. Bd3 Re8 10. O-O Nf8 11. h3 a5 12. a3 Bd6 13. Rfe1 Bd7 14. e4 dxe4 15.
Nxe4 Be7 16. Nc5 Bc8 17. Re2 h6 18. Bh4 Nd5 19. Rae1 Ne6 20. Bh7+ Kf8 21. Bxe7+
Rxe7 22. Bf5 Qd6 23. Bxe6 Bxe6 24. Qh7 Nf6 25. Qh8+ Ng8 26. Nh4 Rae8 27. Nxe6+
fxe6 28. Ng6+ Kf7 29. Ne5+ Qxe5 30. dxe5 Nf6 31. exf6 1-0

[Event "Bristol Centenary & WECU Championship"]
[Site "The Great Hall, Bristol Gramm"]
[Date "2024.04.28"]
[Round "4.3"]
[White "Crockart, Scott A"]
[Black "Wells, Peter K"]
[Result "0-1"]
[WhiteElo "2115"]
[BlackElo "2351"]
[PlyCount "80"]
[EventDate "2024.04.26"]
[EventRounds "5"]
[EventCountry "ENG"]
[SourceTitle "DT 112"]
[SourceDate "2024.08.26"]
[SourceVersion "1"]
[SourceVersionDate "2024.08.26"]
[SourceQuality "1"]

1. c4 e6 2. Nf3 Nf6 3. g3 a6 4. Bg2 b5 5. b3 c5 6. O-O Bb7 7. Bb2 Be7 8. Na3
Qb6 9. e3 d5 10. d3 O-O 11. Qe2 dxc4 12. bxc4 Nc6 13. d4 b4 14. Nb1 a5 15. a4
Rac8 16. Nbd2 Nb8 17. e4 cxd4 18. Nxd4 Rfd8 19. N2b3 Nfd7 20. Nb5 Nc6 21. e5
Nc5 22. Nd2 Nb8 23. Ne4 Nxe4 24. Bxe4 Bxe4 25. Qxe4 Qc6 26. Qxc6 Rxc6 27. Bd4
Rxc4 28. Bb6 Rd5 29. Rac1 Rxc1 30. Rxc1 Nd7 31. Rc8+ Bf8 32. Bxa5 b3 33. Bc3 g5
34. f4 gxf4 35. gxf4 Nb6 36. Rb8 Nxa4 37. Bb4 b2 38. Na3 Nc5 39. Bc3 Nd3 40.
Nb1 Kg7 0-1

[Event "Bristol Centenary & WECU Championship"]
[Site "The Great Hall, Bristol Gramm"]
[Date "2024.04.28"]
[Round "4.4"]
[White "Gallagher, Ian G"]
[Black "Beaumont, Chris R"]
[Result "0-1"]
[WhiteElo "1990"]
[BlackElo "2224"]
[PlyCount "24"]
[EventDate "2024.04.26"]
[EventRounds "5"]
[EventCountry "ENG"]
[SourceTitle "DT 112"]
[SourceDate "2024.08.26"]
[SourceVersion "1"]
[SourceVersionDate "2024.08.26"]
[SourceQuality "1"]

1. d4 Nf6 2. Bg5 g6 3. Nc3 d5 4. Bxf6 exf6 5. e3 c6 6. Bd3 Bd6 7. Qf3 f5 8.
Nge2 Nd7 9. h3 Nf6 10. O-O-O Qe7 11. Kb1 Bd7 12. Rc1 Ne4 0-1

[Event "Bristol Centenary & WECU Championship"]
[Site "The Great Hall, Bristol Gramm"]
[Date "2024.04.28"]
[Round "4.5"]
[White "Matlak, Oleksandr"]
[Black "Liu, Jack"]
[Result "1-0"]
[WhiteElo "2142"]
[BlackElo "1992"]
[PlyCount "86"]
[EventDate "2024.04.26"]
[EventRounds "5"]
[EventCountry "ENG"]
[SourceTitle "DT 112"]
[SourceDate "2024.08.26"]
[SourceVersion "1"]
[SourceVersionDate "2024.08.26"]
[SourceQuality "1"]

1. c4 e5 2. Nc3 Nf6 3. Nf3 Nc6 4. g3 d5 5. cxd5 Nxd5 6. Bg2 Nb6 7. O-O Be7 8.
a3 O-O 9. b4 Be6 10. d3 a5 11. b5 Nd4 12. Nd2 c6 13. bxc6 Nxc6 14. Rb1 a4 15.
Nb5 Ra6 16. Qc2 Qd7 17. Nc4 Nxc4 18. dxc4 Bc5 19. Rd1 Qe7 20. e3 Rc8 21. Bd5 g6
22. Bb2 Bg4 23. Rd2 Rd8 24. Qc3 Raa8 25. Kg2 Bb6 26. Qc2 Bf5 27. e4 Be6 28.
Rbd1 Bg4 29. f3 Bd7 30. Nd6 Be8 31. c5 Ba5 32. Rd3 Kf8 33. h4 h5 34. Rf1 Rxd6
35. cxd6 Qxd6 36. f4 Bc7 37. f5 Rd8 38. Rdf3 Ne7 39. fxg6 Nxd5 40. exd5 Rd7 41.
gxf7 Bxf7 42. Qh7 Qxd5 43. Kh2 Bd6 1-0

[Event "Bristol Centenary & WECU Championship"]
[Site "The Great Hall, Bristol Gramm"]
[Date "2024.04.28"]
[Round "4.6"]
[White "Hobson, Kenneth"]
[Black "Murawski, Jan"]
[Result "1/2-1/2"]
[WhiteElo "2120"]
[BlackElo "1981"]
[PlyCount "85"]
[EventDate "2024.04.26"]
[EventRounds "5"]
[EventCountry "ENG"]
[SourceTitle "DT 112"]
[SourceDate "2024.08.26"]
[SourceVersion "1"]
[SourceVersionDate "2024.08.26"]
[SourceQuality "1"]

1. d4 d5 2. Nf3 Nf6 3. c4 e6 4. g3 dxc4 5. Bg2 Bb4+ 6. Bd2 c5 7. Bxb4 cxb4 8.
Ne5 Nd5 9. O-O Nc6 10. Nxc4 b5 11. Ne3 Nde7 12. a3 bxa3 13. Nxa3 Rb8 14. Nac2
O-O 15. d5 exd5 16. Nd4 Nxd4 17. Qxd4 a5 18. Rfd1 Be6 19. Qc5 a4 20. Nxd5 Nxd5
21. Bxd5 Qf6 22. Qb4 Rfc8 23. Rd2 h6 24. Bf3 Bb3 25. Bd5 Bxd5 26. Rxd5 Rc4 27.
Qd2 Qc6 28. Rd1 Rc2 29. Qf4 Re8 30. Rd6 Qc4 31. Qxc4 bxc4 32. Rd8 Rxd8 33.
Rxd8+ Kh7 34. Ra8 Rxb2 35. Rxa4 c3 36. Rc4 c2 37. Kg2 c1=N 38. Rxc1 Rxe2 39.
Rc7 Kg8 40. Rc8+ Kh7 41. Rc7 Kg8 42. Rc8+ Kh7 43. Rc7 1/2-1/2

[Event "Bristol Centenary & WECU Championship"]
[Site "The Great Hall, Bristol Gramm"]
[Date "2024.04.28"]
[Round "4.7"]
[White "Saunders, Aron"]
[Black "Merry, Alan B"]
[Result "0-1"]
[WhiteElo "2092"]
[BlackElo "2438"]
[PlyCount "70"]
[EventDate "2024.04.26"]
[EventRounds "5"]
[EventCountry "ENG"]
[SourceTitle "DT 112"]
[SourceDate "2024.08.26"]
[SourceVersion "1"]
[SourceVersionDate "2024.08.26"]
[SourceQuality "1"]

1. e4 c6 2. d4 d5 3. e5 Bf5 4. h4 Qb6 5. Bd3 Qxd4 6. Nf3 Qg4 7. Bxf5 Qxf5 8.
O-O Qd7 9. Nbd2 e6 10. c4 Ne7 11. Qe2 h5 12. Rd1 Nf5 13. Ne4 dxe4 14. Rxd7 exf3
15. Rd8+ Kxd8 16. Bg5+ Be7 17. Qd2+ Kc8 18. Bxe7 Nxe7 19. Rd1 a5 20. g3 b6 21.
Qe3 Kc7 22. Qxf3 Nf5 23. c5 bxc5 24. Qc3 Nd7 25. Kg2 Rhb8 26. Rd2 Rb4 27. a3
Rd4 28. Re2 Rd5 29. Re4 a4 30. b4 axb3 31. Qxb3 Rd4 32. Re2 Rda4 33. Rb2 R8a7
34. Qd1 g6 35. Rd2 Rd4 0-1

[Event "Bristol Centenary & WECU Championship"]
[Site "The Great Hall, Bristol Gramm"]
[Date "2024.04.28"]
[Round "4.8"]
[White "Ogunshola, Olugbemiga (Ben)"]
[Black "Southcott-Moyers, Indy"]
[Result "0-1"]
[WhiteElo "2038"]
[BlackElo "2120"]
[Annotator "Tipper, Dave"]
[PlyCount "132"]
[EventDate "2024.04.26"]
[EventRounds "5"]
[EventCountry "ENG"]
[SourceTitle "DT 112"]
[SourceDate "2024.08.26"]
[SourceVersion "1"]
[SourceVersionDate "2024.08.26"]
[SourceQuality "1"]

{[%evp 0,132,19,21,12,20,27,30,39,79,71,31,19,40,23,25,24,-4,14,-5,0,0,0,0,10,
5,50,42,98,102,82,78,111,91,85,54,54,56,48,42,42,18,15,5,6,19,44,35,67,55,67,
50,40,-15,20,0,0,0,0,0,45,47,46,42,62,29,123,113,199,199,199,199,199,199,191,
248,269,-102,-102,-103,-111,-109,-95,-95,-87,-98,-88,-93,-88,-97,-97,-119,-95,
-103,-97,-99,-103,-103,-103,-99,-102,-104,-123,-113,-113,-117,-58,-58,-144,
-152,-40,-132,-18,-40,-107,-112,-107,-104,-58,-58,-58,-320,-315,-315,-315,-315,
-315,-315,-315,-315,-315,-315,-315,-315,-315]} 1. Nf3 d5 2. d4 Nf6 3. Bf4 c5 4.
e3 Nc6 5. c3 Qb6 6. Qb3 c4 7. Qxb6 axb6 8. Nbd2 b5 9. Ne5 e6 10. Be2 b4 11. O-O
bxc3 12. bxc3 Ba3 13. Rfb1 Nd7 14. Nxd7 Kxd7 15. e4 Ra5 16. Bf3 Re8 17. Rb6 Bd6
18. Bxd6 Kxd6 19. a4 Kc7 20. Rb5 Rxb5 21. axb5 Ne7 22. Nf1 Bd7 23. Ne3 {
Draw Offer} Kd6 24. b6 Bc6 25. Ra5 f6 26. Kf1 Rc8 27. Ke1 dxe4 28. Nxc4+ Kd7
29. Bd1 Nd5 30. Kd2 Ke7 31. Bb3 Rd8 {Draw Offer} 32. Rc5 e5 33. Na5 exd4 34.
Rxc6 dxc3+ 35. Kc1 bxc6 36. Nxc6+ Kd6 37. Bxd5 Re8 38. Nb4 Kc5 39. b7 Kxb4 40.
Bxe4 Rb8 41. Kc2 {Draw Offer} Kc4 42. h4 f5 43. Bf3 g6 44. Bc6 f4 45. Bf3 h6
46. Bc6 Kc5 47. Bf3 Kd4 48. Bc6 g5 49. hxg5 hxg5 50. Bf3 g4 51. Bc6 Kc5 52. Be4
Kc4 53. g3 Kd4 54. Bc6 f3 55. Kc1 Kd3 56. Bb5+ Kd4 57. Bc6 Kc5 58. Be4 Kc4 59.
Kc2 Re8 60. Bf5 Re2+ 61. Kc1 Rb2 62. Bxg4 Rxb7 63. Bxf3 Rb2 64. Be4 Rxf2 65. g4
Kd4 66. Bf5 Rg2 0-1

[Event "Bristol Centenary & WECU Championship"]
[Site "The Great Hall, Bristol Gramm"]
[Date "2024.04.28"]
[Round "4.9"]
[White "Bicknell, Carl"]
[Black "Banerjee, Supratit"]
[Result "1/2-1/2"]
[WhiteElo "2116"]
[BlackElo "2025"]
[PlyCount "51"]
[EventDate "2024.04.26"]
[EventRounds "5"]
[EventCountry "ENG"]
[SourceTitle "DT 112"]
[SourceDate "2024.08.26"]
[SourceVersion "1"]
[SourceVersionDate "2024.08.26"]
[SourceQuality "1"]

1. e4 c6 2. d4 d5 3. e5 Bf5 4. h4 h5 5. Bg5 Qb6 6. Bd3 Bxd3 7. Qxd3 e6 8. Nc3
c5 9. dxc5 Bxc5 10. O-O-O Nd7 11. Nf3 Ne7 12. Rhf1 O-O-O 13. Na4 Qc7 14. Qc3
Rde8 15. Nxc5 Nxc5 16. Bxe7 Rxe7 17. Nd4 a6 18. Rfe1 Kb8 19. Nb3 Rc8 20. Nxc5
Qxc5 21. Qxc5 Rxc5 22. Rd4 Rec7 23. c3 Rc4 24. Red1 b5 25. Rxc4 Rxc4 26. Rd4
1/2-1/2

[Event "Bristol Centenary & WECU Championship"]
[Site "The Great Hall, Bristol Gramm"]
[Date "2024.04.28"]
[Round "4.10"]
[White "Dilleigh, Stephen P"]
[Black "Garcia, Oscar"]
[Result "0-1"]
[WhiteElo "1995"]
[BlackElo "2088"]
[PlyCount "78"]
[EventDate "2024.04.26"]
[EventRounds "5"]
[EventCountry "ENG"]
[SourceTitle "DT 112"]
[SourceDate "2024.08.26"]
[SourceVersion "1"]
[SourceVersionDate "2024.08.26"]
[SourceQuality "1"]

1. Nf3 d5 2. d4 e6 3. c4 Nf6 4. Nc3 h6 5. Bf4 Bd6 6. Bxd6 Qxd6 7. e3 O-O 8. Rc1
b6 9. Bd3 dxc4 10. Bxc4 Bb7 11. O-O Qe7 12. Qe2 Nbd7 13. Ba6 Bxa6 14. Qxa6 e5
15. dxe5 Nxe5 16. Qe2 c5 17. Rfd1 Rfd8 18. Nxe5 Qxe5 19. f4 Qc7 20. Qf3 Rxd1+
21. Rxd1 Re8 22. Nd5 Nxd5 23. Rxd5 b5 24. e4 Qa5 25. Qc3 Qxa2 26. Re5 Rd8 27.
h3 b4 28. Qxc5 Qxb2 29. Rd5 Re8 30. Rd4 a5 31. e5 b3 32. Kh2 Qf2 33. Qb5 Rf8
34. Ra4 b2 35. Qb3 h5 36. e6 h4 37. exf7+ Rxf7 38. Qb8+ Rf8 39. Qb3+ Kh8 0-1

[Event "Bristol Centenary & WECU Championship"]
[Site "The Great Hall, Bristol Gramm"]
[Date "2024.04.28"]
[Round "4.11"]
[White "Underwood, Jonathan Wr"]
[Black "Krzyzanowski, Patryk"]
[Result "1-0"]
[WhiteElo "1987"]
[BlackElo "2072"]
[PlyCount "71"]
[EventDate "2024.04.26"]
[EventRounds "5"]
[EventCountry "ENG"]
[SourceTitle "DT 112"]
[SourceDate "2024.08.26"]
[SourceVersion "1"]
[SourceVersionDate "2024.08.26"]
[SourceQuality "1"]

1. c4 Nf6 2. Nc3 c6 3. e3 d5 4. Nf3 e6 5. b3 Nbd7 6. Bb2 e5 7. cxd5 cxd5 8. Rc1
a6 9. g3 Bd6 10. Bg2 e4 11. Nd4 Ne5 12. O-O Nd3 13. Rc2 Nxb2 14. Rxb2 Be5 15.
d3 Bg4 16. Qd2 exd3 17. Qxd3 O-O 18. h3 Bh5 19. f4 Bg6 20. f5 Bh5 21. g4 Bxg4
22. hxg4 Nxg4 23. Nf3 Bf6 24. Rd2 Qd6 25. Nxd5 Bg5 26. Rfd1 Bh6 27. Qe2 Rae8
28. Rd3 Qc5 29. Nd4 Nxe3 30. Nxe3 Re7 31. Qf2 Qxd4 32. Rxd4 Bxe3 33. Rd7 Bxf2+
34. Kxf2 Re5 35. R1d5 Rxd5 36. Bxd5 1-0

[Event "Bristol Centenary & WECU Championship"]
[Site "The Great Hall, Bristol Gramm"]
[Date "2024.04.28"]
[Round "4.12"]
[White "Moore, Gerald"]
[Black "Gorgun, Aliriza Atif"]
[Result "1/2-1/2"]
[WhiteElo "2076"]
[BlackElo "1916"]
[PlyCount "77"]
[EventDate "2024.04.26"]
[EventRounds "5"]
[EventCountry "ENG"]
[SourceTitle "DT 112"]
[SourceDate "2024.08.26"]
[SourceVersion "1"]
[SourceVersionDate "2024.08.26"]
[SourceQuality "1"]

1. c4 Nf6 2. Nc3 g6 3. e4 d6 4. d4 Bg7 5. f4 c5 6. d5 O-O 7. Nf3 e6 8. dxe6
Bxe6 9. Bd3 Bg4 10. O-O Nc6 11. h3 Bxf3 12. Qxf3 Nd4 13. Qf2 a6 14. Be3 b5 15.
Rae1 Re8 16. e5 dxe5 17. fxe5 Rxe5 18. Nd5 Rxd5 19. cxd5 Qxd5 20. Bxd4 Qxd4 21.
Qxd4 cxd4 22. a4 Nd5 23. axb5 axb5 24. Bxb5 Ne3 25. Rf2 Rb8 26. Ba4 Bh6 27. Kh1
f5 28. Rb1 Rb4 29. Bc2 Nc4 30. b3 Na3 31. Rd1 Be3 32. Re2 Nxc2 33. Rxc2 Rxb3
34. Rc7 d3 35. Rd7 d2 36. g3 Rc3 37. Kg2 Rc1 38. R1xd2 Bxd2 39. Rxd2 1/2-1/2

[Event "Bristol Centenary & WECU Championship"]
[Site "The Great Hall, Bristol Gramm"]
[Date "2024.04.28"]
[Round "4.13"]
[White "Zhang, Junyi"]
[Black "Stubbs, Oliver"]
[Result "0-1"]
[WhiteElo "1924"]
[BlackElo "2116"]
[PlyCount "94"]
[EventDate "2024.04.26"]
[EventRounds "5"]
[EventCountry "ENG"]
[SourceTitle "DT 112"]
[SourceDate "2024.08.26"]
[SourceVersion "1"]
[SourceVersionDate "2024.08.26"]
[SourceQuality "1"]

1. e4 e6 2. d4 d5 3. e5 c5 4. c3 Nc6 5. Nf3 Bd7 6. a3 Nge7 7. b4 cxd4 8. cxd4
Nf5 9. Bb2 b5 10. Nc3 a5 11. Nxb5 axb4 12. g4 Nh6 13. g5 Nf5 14. a4 Na7 15. Nd2
Be7 16. Nxa7 Rxa7 17. h4 Qa8 18. Bd3 Rxa4 19. Rxa4 Qxa4 20. Qxa4 Bxa4 21. Nf3
Kd7 22. Ke2 Kc6 23. Rc1+ Kb6 24. h5 Bb5 25. Bxb5 Kxb5 26. Rc7 Kb6 27. Rc1 Ra8
28. Kd3 Kb7 29. g6 fxg6 30. hxg6 h6 31. Rg1 Rf8 32. Bc1 Kb6 33. Bd2 Ra8 34. Rb1
Kb5 35. Rb2 Ra3+ 36. Ke2 b3 37. Kd3 Bb4 38. Bc3 Ka4 39. Nd2 Ne7 40. Bxb4 Kxb4
41. f4 Nxg6 42. f5 exf5 43. Rb1 Nf4+ 44. Ke3 g5 45. Rxb3+ Rxb3+ 46. Nxb3 Kxb3
47. e6 Nxe6 0-1

[Event "Bristol Centenary & WECU Championship"]
[Site "The Great Hall, Bristol Gramm"]
[Date "2024.04.28"]
[Round "4.14"]
[White "Pang, Ethan"]
[Black "Smith, Andrew P"]
[Result "1-0"]
[WhiteElo "1880"]
[BlackElo "2055"]
[PlyCount "55"]
[EventDate "2024.04.26"]
[EventRounds "5"]
[EventCountry "ENG"]
[SourceTitle "DT 112"]
[SourceDate "2024.08.26"]
[SourceVersion "1"]
[SourceVersionDate "2024.08.26"]
[SourceQuality "1"]

1. e4 e5 2. Nf3 d6 3. d4 Nd7 4. Bc4 Qf6 5. c3 h6 6. Be3 Ne7 7. Nbd2 Ng6 8. g3
Be7 9. h4 Bd8 10. h5 Ngf8 11. g4 Nh7 12. Rg1 Qe7 13. g5 hxg5 14. Nxg5 Nxg5 15.
Bxg5 Nf6 16. Qf3 exd4 17. cxd4 Be6 18. O-O-O Bxc4 19. Nxc4 Qe6 20. d5 Qe7 21.
Rde1 Kf8 22. Kb1 Qd7 23. e5 dxe5 24. Nxe5 Qd6 25. h6 Rxh6 26. Bxh6 gxh6 27. Qf4
Qxd5 28. Nd7+ 1-0

[Event "Bristol Centenary & WECU Championship"]
[Site "The Great Hall, Bristol Gramm"]
[Date "2024.04.28"]
[Round "4.15"]
[White "Longson, Sarah N"]
[Black "Cast, Julian"]
[Result "0-1"]
[WhiteElo "1990"]
[BlackElo "1951"]
[PlyCount "52"]
[EventDate "2024.04.26"]
[EventRounds "5"]
[EventCountry "ENG"]
[SourceTitle "DT 112"]
[SourceDate "2024.08.26"]
[SourceVersion "1"]
[SourceVersionDate "2024.08.26"]
[SourceQuality "1"]

1. e4 d6 2. d4 Nf6 3. Nc3 Nbd7 4. f4 e5 5. Nf3 exd4 6. Qxd4 c6 7. Bc4 d5 8.
exd5 Bc5 9. Qd3 O-O 10. dxc6 bxc6 11. Bd2 Re8+ 12. Ne5 Nxe5 13. fxe5 Rxe5+ 14.
Kd1 Qe7 15. Kc1 Bf5 16. Qf3 Ne4 17. Nxe4 Bxe4 18. Qg3 Rd8 19. Bf4 Rf5 20. Re1
Qd7 21. b4 Qd4 22. c3 Qxc4 23. Bh6 Bf8 24. Kb2 a5 25. Rad1 Bd5 26. Kc1 axb4 0-1

[Event "Bristol Centenary & WECU Championship"]
[Site "The Great Hall, Bristol Gramm"]
[Date "2024.04.28"]
[Round "4.16"]
[White "Meek, Stephen J"]
[Black "Han, Qixuan"]
[Result "0-1"]
[WhiteElo "1977"]
[BlackElo "1827"]
[PlyCount "148"]
[EventDate "2024.04.26"]
[EventRounds "5"]
[EventCountry "ENG"]
[SourceTitle "DT 112"]
[SourceDate "2024.08.26"]
[SourceVersion "1"]
[SourceVersionDate "2024.08.26"]
[SourceQuality "1"]

1. e4 c5 2. c3 Nf6 3. e5 Nd5 4. Nf3 Nc6 5. d4 cxd4 6. cxd4 d6 7. Bc4 Nb6 8. Bb3
dxe5 9. d5 Na5 10. Nc3 f6 11. h3 Nxb3 12. Qxb3 e6 13. dxe6 Qd6 14. Nb5 Qb4+ 15.
Bd2 Qxb3 16. axb3 Nd5 17. Rxa7 Rxa7 18. Nxa7 Bxe6 19. Nb5 Kf7 20. O-O Be7 21.
Rc1 Rc8 22. Rxc8 Bxc8 23. Na3 Bb4 24. Bxb4 Nxb4 25. Nc4 Ke7 26. Kf1 Be6 27. Ke2
b5 28. Ncd2 Nd5 29. Ne1 Nf4+ 30. Ke3 Kd6 31. h4 f5 32. f3 Kc5 33. g3 Nd5+ 34.
Kd3 Nb4+ 35. Kc3 g6 36. Ng2 Na2+ 37. Kd3 Nc1+ 38. Ke3 Nxb3 39. Nb1 b4 40. Ne1
Bc4 41. g4 Bb5 42. gxf5 gxf5 43. Ng2 Na5 44. Nd2 Nc4+ 45. Nxc4 Kxc4 46. Kd2 Kb3
47. Kc1 Bc6 48. Ne1 e4 49. f4 e3 50. Nc2 e2 51. Nd4+ Kc4 52. Nxe2 Kd3 53. Ng3
Bd7 54. Nh5 h6 55. Nf6 Be6 56. Ne8 Ke4 57. Nc7 Bc4 58. Kc2 Kxf4 59. b3 Bf7 60.
Na6 Ke3 61. Nxb4 f4 62. Nc6 f3 63. Ne5 f2 64. Ng4+ Kf3 65. Nxf2 Kxf2 66. b4 h5
67. Kd3 Bd5 68. b5 Kg3 69. Kd4 Ba8 70. Ke3 Kg4 71. Kf2 Kxh4 72. Kg1 Kg3 73. b6
h4 74. Kf1 h3 0-1

[Event "Bristol Centenary & WECU Championship"]
[Site "The Great Hall, Bristol Gramm"]
[Date "2024.04.28"]
[Round "4.17"]
[White "Han, Qixiang"]
[Black "Alldritt, Nigel Re"]
[Result "1/2-1/2"]
[WhiteElo "1874"]
[BlackElo "1977"]
[PlyCount "152"]
[EventDate "2024.04.26"]
[EventRounds "5"]
[EventCountry "ENG"]
[SourceTitle "DT 112"]
[SourceDate "2024.08.26"]
[SourceVersion "1"]
[SourceVersionDate "2024.08.26"]
[SourceQuality "1"]

1. d4 Nf6 2. c4 g6 3. g3 c6 4. Bg2 d5 5. cxd5 cxd5 6. Nf3 Nc6 7. Nc3 Bg7 8. Ne5
O-O 9. O-O Bf5 10. Bf4 Ne4 11. Nxc6 bxc6 12. Nxe4 Bxe4 13. Bxe4 dxe4 14. Be3
Qd5 15. Qa4 e5 16. Rfd1 Rfd8 17. dxe5 Qxe5 18. Rxd8+ Rxd8 19. Rb1 Qb5 20. Qxe4
Qxe2 21. Qxc6 a6 22. Qb6 Qd3 23. Rc1 h5 24. h4 Rd6 25. Qb4 Bf6 26. Rc8+ Rd8 27.
Rxd8+ Qxd8 28. b3 Qd3 29. Qd2 Qf5 30. Kg2 Qe4+ 31. f3 Qe6 32. Qd3 Qc6 33. Qc4
Qb7 34. a4 a5 35. Qb5 Qc7 36. Bc5 Qd8 37. Be3 Qc7 38. Qc4 Qd7 39. Qb5 Qc7 40.
Qc5 Qd8 41. b4 axb4 42. Qxb4 Qd3 43. Qd2 Qa6 44. a5 Be7 45. Kf2 Qb5 46. Bb6
Bc5+ 47. Bxc5 Qxc5+ 48. Kg2 Qb5 49. Qa2 Qa6 50. Kf2 Qa7+ 51. Kg2 Qa6 52. Qd2
Kg7 53. Qd4+ Kg8 54. Qd8+ Kg7 55. Kf2 Qc4 56. Qd2 Qc5+ 57. Kg2 Qb5 58. Qc3+ Kg8
59. Kf2 Qa6 60. Ke3 Qe6+ 61. Kf2 Qa6 62. g4 hxg4 63. fxg4 Qe6 64. Kg3 Qd6+ 65.
Kh3 Qd5 66. Kg3 Qd6+ 67. Kg2 Qd5+ 68. Kh3 Kh7 69. Kg3 Qd6+ 70. Kf3 Qd5+ 71. Ke3
Qe6+ 72. Kf4 Qd6+ 73. Qe5 Qd2+ 74. Ke4 Qe1+ 75. Kf4 Qf2+ 76. Ke4 Qe2+ 1/2-1/2